书目信息 |
| 题名: |
袖珍铣工手册
|
|
| 作者: | 贾风桐 编 | |
| 分册: | ||
| 出版信息: | 北京 机械工业出版社 2004 |
|
| 页数: | 492页 | |
| 开本: | 12×10cm | |
| 丛书名: | ||
| 单 册: | ||
| 中图分类: | TG54-62 | |
| 科图分类: | ||
| 主题词: | 铣削 , 铣床 | |
| 电子资源: | ||
| ISBN: | 7-111-07847-0 | |
| 000 | 00564nam0 2200205 450 | |
| 001 | 0650793442 | |
| 005 | 20061124153301.51 | |
| 010 | @a7-111-07847-0@dCNY 13.00 | |
| 100 | @a20061112d2004 km y0chiy0120 ea | |
| 101 | 0 | @achi |
| 102 | @aCN@b110000 | |
| 200 | 1 | @a袖珍铣工手册@Axiu zhen xi gong shou ce@f贾风桐等编@Fjia feng tong deng bian |
| 210 | @a北京@c机械工业出版社@d2004 | |
| 215 | @a492页@d12×10cm | |
| 606 | 0 | @a铣削 |
| 606 | 0 | @a铣床 |
| 690 | @aTG54-62@v4 | |
| 701 | 0 | @a贾风桐@Ajia feng tong@4编 |
| 801 | @aCN@c20061124 | |
| 905 | @a10447@dTG54-62@eJ241 | |
| 袖珍铣工手册/贾风桐等编.-北京:机械工业出版社,2004 |
| 492页;12×10cm |
| ISBN 7-111-07847-0:CNY 13.00 |
| ● |
| 相关链接 |
|
|
|
正题名:袖珍铣工手册
索取号:TG54-62/J241
 
预约/预借
| 序号 | 登录号 | 条形码 | 馆藏地/架位号 | 状态 | 备注 |
| 1 | 616135 | 206161357 | 自科库501/501自科库 27排4列2层/ [索取号:TG54-62/J241] | 在馆 | |
| 2 | 616136 | 206161366 | 自科库501/501自科库 27排4列2层/ [索取号:TG54-62/J241] | 在馆 | |
| 3 | 616137 | 206161375 | 自科库501/501自科库 27排4列2层/ [索取号:TG54-62/J241] | 在馆 |